|
|
|
|
| LEADER |
00000cam a2200000 7i4500 |
| 001 |
0000017994 |
| 005 |
20080610.0 |
| 008 |
020608 |
| 020 |
|
|
|a 1851683933
|
| 090 |
0 |
0 |
|a 340.59
|b BAQ
|
| 100 |
0 |
|
|a Baqir As-Sadr, Muhammad
|
| 245 |
1 |
0 |
|a Lessons in Islamic jurisprudence
|c Muhammad Baqir As-Sadr ; translated and with an introduction by Roy Parviz Mottahedeh
|
| 260 |
|
|
|a England :
|b Oneworld Publications ,
|c 2007
|
| 650 |
|
0 |
|a Islamic law
|
| 650 |
|
0 |
|a Islamic law
|x Methodology
|
| 650 |
|
0 |
|a Mottahedeh, Roy Parviz
|
| 999 |
|
|
|a 0001019156
|b Book
|c Adult Collection
|e Perbadanan Perpustakaan Awam Johor
|